Equipes types des vainqueurs de Premier League - Statistiques

Statistiques générales
  • Ce quiz a été pris 373 fois
  • Le résultat moyen est 205 sur 352
Statistiques - réponses
Groupe
Poste
Pays
Joueur
% Correct
18/19 - Manchester City Milieu Bernardo Silva
96%
21/22 - Manchester City Milieu Bernardo Silva
96%
22/23 - Manchester City Attaquant Bernardo Silva
96%
23/24 - Manchester City Milieu Bernardo Silva
96%
11/12 - Manchester City Milieu David Silva
96%
13/14 - Manchester City Milieu David Silva
96%
17/18 - Manchester City Milieu David Silva
96%
18/19 - Manchester City Milieu David Silva
96%
22/23 - Manchester City Attaquant Erling Haaland
96%
23/24 - Manchester City Attaquant Erling Haaland
96%
17/18 - Manchester City Milieu Kevin De Bruyne
96%
20/21 - Manchester City Milieu Kevin De Bruyne
96%
21/22 - Manchester City Milieu Kevin De Bruyne
96%
22/23 - Manchester City Milieu Kevin De Bruyne
96%
17/18 - Manchester City Gardien Ederson
95%
18/19 - Manchester City Gardien Ederson
95%
20/21 - Manchester City Gardien Ederson
95%
21/22 - Manchester City Gardien Ederson
95%
22/23 - Manchester City Gardien Ederson
95%
23/24 - Manchester City Gardien Ederson
95%
03/04 - Arsenal Milieu Gilberto Silva
94%
19/20 - Liverpool Attaquant Mohamed Salah
94%
11/12 - Manchester City Attaquant Sergio Agüero
94%
17/18 - Manchester City Attaquant Sergio Agüero
94%
18/19 - Manchester City Attaquant Sergio Agüero
94%
19/20 - Liverpool Défenseur Virgil van Dijk
94%
15/16 - Leicester Attaquant Riyad Mahrez
93%
20/21 - Manchester City Attaquant Riyad Mahrez
93%
20/21 - Manchester City Milieu Rodri
93%
21/22 - Manchester City Milieu Rodri
93%
22/23 - Manchester City Milieu Rodri
93%
23/24 - Manchester City Milieu Rodri
93%
20/21 - Manchester City Défenseur Rúben Dias
93%
21/22 - Manchester City Défenseur Rúben Dias
93%
22/23 - Manchester City Défenseur Rúben Dias
93%
23/24 - Manchester City Défenseur Rúben Dias
93%
19/20 - Liverpool Attaquant Sadio Mané
93%
19/20 - Liverpool Gardien Alisson
92%
14/15 - Chelsea Gardien Thibaut Courtois
92%
16/17 - Chelsea Gardien Thibaut Courtois
92%
18/19 - Manchester City Milieu İlkay Gündoğan
91%
20/21 - Manchester City Milieu İlkay Gündoğan
91%
22/23 - Manchester City Milieu İlkay Gündoğan
91%
15/16 - Leicester Milieu N'Golo Kanté
91%
16/17 - Chelsea Milieu N'Golo Kanté
91%
21/22 - Manchester City Attaquant Phil Foden
91%
23/24 - Manchester City Attaquant Phil Foden
91%
17/18 - Manchester City Défenseur Kyle Walker
90%
18/19 - Manchester City Défenseur Kyle Walker
90%
20/21 - Manchester City Défenseur Kyle Walker
90%
21/22 - Manchester City Défenseur Kyle Walker
90%
22/23 - Manchester City Défenseur Kyle Walker
90%
23/24 - Manchester City Défenseur Kyle Walker
90%
22/23 - Manchester City Défenseur Manuel Akanji
90%
23/24 - Manchester City Défenseur Manuel Akanji
90%
19/20 - Liverpool Défenseur Trent Alexander-Arnold
90%
19/20 - Liverpool Défenseur Andrew Robertson
89%
15/16 - Leicester Gardien Kasper Schmeichel
89%
92/93 - Manchester United Gardien Peter Schmeichel
89%
93/94 - Manchester United Gardien Peter Schmeichel
89%
95/96 - Manchester United Gardien Peter Schmeichel
89%
96/97 - Manchester United Gardien Peter Schmeichel
89%
98/99 - Manchester United Gardien Peter Schmeichel
89%
19/20 - Liverpool Attaquant Roberto Firmino
89%
06/07 - Manchester United Attaquant Cristiano Ronaldo
88%
07/08 - Manchester United Attaquant Cristiano Ronaldo
88%
08/09 - Manchester United Attaquant Cristiano Ronaldo
88%
14/15 - Chelsea Attaquant Eden Hazard
88%
16/17 - Chelsea Attaquant Eden Hazard
88%
20/21 - Manchester City Attaquant Gabriel Jesus
88%
21/22 - Manchester City Attaquant Gabriel Jesus
88%
15/16 - Leicester Attaquant Jamie Vardy
87%
18/19 - Manchester City Défenseur John Stones
87%
20/21 - Manchester City Défenseur John Stones
87%
23/24 - Manchester City Défenseur Josko Gvardiol
87%
23/24 - Manchester City Attaquant Julián Álvarez
87%
22/23 - Manchester City Défenseur Nathan Aké
87%
23/24 - Manchester City Défenseur Nathan Aké
87%
17/18 - Manchester City Attaquant Raheem Sterling
87%
18/19 - Manchester City Attaquant Raheem Sterling
87%
20/21 - Manchester City Attaquant Raheem Sterling
87%
21/22 - Manchester City Attaquant Raheem Sterling
87%
06/07 - Manchester United Attaquant Wayne Rooney
87%
07/08 - Manchester United Attaquant Wayne Rooney
87%
08/09 - Manchester United Attaquant Wayne Rooney
87%
10/11 - Manchester United Attaquant Wayne Rooney
87%
12/13 - Manchester United Attaquant Wayne Rooney
87%
11/12 - Manchester City Défenseur Vincent Kompany
86%
13/14 - Manchester City Défenseur Vincent Kompany
86%
17/18 - Manchester City Défenseur Vincent Kompany
86%
19/20 - Liverpool Milieu Fabinho
85%
06/07 - Manchester United Défenseur Patrice Evra
84%
07/08 - Manchester United Défenseur Patrice Evra
84%
08/09 - Manchester United Défenseur Patrice Evra
84%
10/11 - Manchester United Défenseur Patrice Evra
84%
12/13 - Manchester United Défenseur Patrice Evra
84%
06/07 - Manchester United Gardien Edwin van der Sar
83%
07/08 - Manchester United Gardien Edwin van der Sar
83%
08/09 - Manchester United Gardien Edwin van der Sar
83%
10/11 - Manchester United Gardien Edwin van der Sar
83%
22/23 - Manchester City Attaquant Jack Grealish
83%
04/05 - Chelsea Gardien Petr Cech
83%
05/06 - Chelsea Gardien Petr Cech
83%
09/10 - Chelsea Gardien Petr Cech
83%
11/12 - Manchester City Attaquant Edin Dzeko
82%
13/14 - Manchester City Attaquant Edin Dzeko
82%
06/07 - Manchester United Défenseur Nemanja Vidic‎
82%
07/08 - Manchester United Défenseur Nemanja Vidic‎
82%
08/09 - Manchester United Défenseur Nemanja Vidic‎
82%
10/11 - Manchester United Défenseur Nemanja Vidic‎
82%
92/93 - Manchester United Milieu Ryan Giggs
82%
93/94 - Manchester United Milieu Ryan Giggs
82%
95/96 - Manchester United Milieu Ryan Giggs
82%
96/97 - Manchester United Milieu Ryan Giggs
82%
99/00 - Manchester United Milieu Ryan Giggs
82%
00/01 - Manchester United Milieu Ryan Giggs
82%
02/03 - Manchester United Milieu Ryan Giggs
82%
06/07 - Manchester United Milieu Ryan Giggs
82%
07/08 - Manchester United Milieu Ryan Giggs
82%
08/09 - Manchester United Milieu Ryan Giggs
82%
10/11 - Manchester United Milieu Ryan Giggs
82%
13/14 - Manchester City Milieu Yaya Touré
82%
04/05 - Chelsea Attaquant Didier Drogba
81%
05/06 - Chelsea Attaquant Didier Drogba
81%
09/10 - Chelsea Attaquant Didier Drogba
81%
13/14 - Manchester City Milieu Fernandinho
81%
17/18 - Manchester City Milieu Fernandinho
81%
18/19 - Manchester City Milieu Fernandinho
81%
20/21 - Manchester City Défenseur João Cancelo
81%
21/22 - Manchester City Défenseur João Cancelo
81%
17/18 - Manchester City Attaquant Leroy Sané
81%
18/19 - Manchester City Attaquant Leroy Sané
81%
02/03 - Manchester United Défenseur Rio Ferdinand
81%
06/07 - Manchester United Défenseur Rio Ferdinand
81%
07/08 - Manchester United Défenseur Rio Ferdinand
81%
08/09 - Manchester United Défenseur Rio Ferdinand
81%
10/11 - Manchester United Défenseur Rio Ferdinand
81%
12/13 - Manchester United Défenseur Rio Ferdinand
81%
19/20 - Liverpool Milieu Georginio Wijnaldum
80%
19/20 - Liverpool Milieu Jordan Henderson
80%
01/02 - Arsenal Attaquant Thierry Henry
80%
03/04 - Arsenal Attaquant Thierry Henry
80%
18/19 - Manchester City Défenseur Aymeric Laporte
79%
21/22 - Manchester City Défenseur Aymeric Laporte
79%
03/04 - Arsenal Défenseur Kolo Touré
78%
14/15 - Chelsea Défenseur César Azpilicueta
76%
16/17 - Chelsea Défenseur César Azpilicueta
76%
04/05 - Chelsea Milieu Frank Lampard
76%
05/06 - Chelsea Milieu Frank Lampard
76%
09/10 - Chelsea Milieu Frank Lampard
76%
04/05 - Chelsea Défenseur John Terry
76%
05/06 - Chelsea Défenseur John Terry
76%
09/10 - Chelsea Défenseur John Terry
76%
14/15 - Chelsea Défenseur John Terry
76%
12/13 - Manchester United Gardien David de Gea
75%
12/13 - Manchester United Attaquant Robin van Persie
75%
11/12 - Manchester City Milieu Samir Nasri
75%
13/14 - Manchester City Milieu Samir Nasri
75%
11/12 - Manchester City Gardien Joe Hart
74%
13/14 - Manchester City Gardien Joe Hart
74%
17/18 - Manchester City Défenseur Nicolás Otamendi
74%
16/17 - Chelsea Défenseur David Luiz
72%
14/15 - Chelsea Attaquant Diego Costa
72%
16/17 - Chelsea Attaquant Diego Costa
72%
19/20 - Liverpool Défenseur Joe Gomez
72%
98/99 - Manchester United Milieu Paul Scholes
72%
99/00 - Manchester United Milieu Paul Scholes
72%
00/01 - Manchester United Milieu Paul Scholes
72%
02/03 - Manchester United Milieu Paul Scholes
72%
06/07 - Manchester United Milieu Paul Scholes
72%
07/08 - Manchester United Milieu Paul Scholes
72%
97/98 - Arsenal Milieu Patrick Vieira
71%
01/02 - Arsenal Milieu Patrick Vieira
71%
03/04 - Arsenal Milieu Patrick Vieira
71%
08/09 - Manchester United Attaquant Dimitar Berbatov
69%
10/11 - Manchester United Attaquant Dimitar Berbatov
69%
14/15 - Chelsea Milieu Nemanja Matic
65%
16/17 - Chelsea Milieu Nemanja Matic
65%
92/93 - Manchester United Attaquant Eric Cantona
64%
93/94 - Manchester United Attaquant Eric Cantona
64%
95/96 - Manchester United Attaquant Eric Cantona
64%
96/97 - Manchester United Attaquant Eric Cantona
64%
01/02 - Arsenal Milieu Robert Pirès
64%
03/04 - Arsenal Milieu Robert Pirès
64%
00/01 - Manchester United Gardien Fabien Barthez
63%
02/03 - Manchester United Gardien Fabien Barthez
63%
95/96 - Manchester United Attaquant Andy Cole
62%
98/99 - Manchester United Attaquant Andy Cole
62%
99/00 - Manchester United Attaquant Andy Cole
62%
01/02 - Arsenal Défenseur Ashley Cole
62%
03/04 - Arsenal Défenseur Ashley Cole
62%
09/10 - Chelsea Défenseur Ashley Cole
62%
07/08 - Manchester United Attaquant Carlos Tevez
62%
05/06 - Chelsea Milieu Michael Essien
61%
14/15 - Chelsea Milieu Cesc Fàbregas
60%
11/12 - Manchester City Défenseur Gaël Clichy
60%
94/95 - Blackburn Rovers Défenseur Henning Berg
59%
10/11 - Manchester United Attaquant Nani
59%
09/10 - Chelsea Attaquant Nicolas Anelka
59%
14/15 - Chelsea Attaquant Willian
58%
12/13 - Manchester United Milieu Antonio Valencia
57%
09/10 - Chelsea Défenseur Branislav Ivanovic
57%
14/15 - Chelsea Défenseur Branislav Ivanovic
57%
97/98 - Arsenal Attaquant Dennis Bergkamp
56%
01/02 - Arsenal Attaquant Dennis Bergkamp
56%
03/04 - Arsenal Attaquant Dennis Bergkamp
56%
14/15 - Chelsea Défenseur Gary Cahill
56%
16/17 - Chelsea Défenseur Gary Cahill
56%
93/94 - Manchester United Milieu Roy Keane
56%
95/96 - Manchester United Milieu Roy Keane
56%
98/99 - Manchester United Milieu Roy Keane
56%
99/00 - Manchester United Milieu Roy Keane
56%
00/01 - Manchester United Milieu Roy Keane
56%
04/05 - Chelsea Milieu Claude Makélélé
55%
05/06 - Chelsea Milieu Claude Makélélé
55%
15/16 - Leicester Milieu Danny Drinkwater
53%
04/05 - Chelsea Défenseur Ricardo Carvalho
52%
05/06 - Chelsea Défenseur Ricardo Carvalho
52%
09/10 - Chelsea Défenseur Ricardo Carvalho
52%
09/10 - Chelsea Milieu Michael Ballack
51%
09/10 - Chelsea Attaquant Florent Malouda
50%
09/10 - Chelsea Milieu John Obi Mikel
50%
16/17 - Chelsea Attaquant Pedro
50%
02/03 - Manchester United Attaquant Ruud van Nistelrooy
50%
14/15 - Chelsea Milieu Oscar
49%
95/96 - Manchester United Défenseur Gary Neville
47%
96/97 - Manchester United Défenseur Gary Neville
47%
98/99 - Manchester United Défenseur Gary Neville
47%
00/01 - Manchester United Défenseur Gary Neville
47%
02/03 - Manchester United Défenseur Gary Neville
47%
06/07 - Manchester United Défenseur Gary Neville
47%
06/07 - Manchester United Milieu Michael Carrick
47%
07/08 - Manchester United Milieu Michael Carrick
47%
08/09 - Manchester United Milieu Michael Carrick
47%
10/11 - Manchester United Milieu Michael Carrick
47%
12/13 - Manchester United Milieu Michael Carrick
47%
13/14 - Manchester City Défenseur Pablo Zabaleta
47%
99/00 - Manchester United Défenseur Phil Neville
47%
00/01 - Manchester United Défenseur Phil Neville
47%
13/14 - Manchester City Défenseur Aleksandar Kolarov
46%
16/17 - Chelsea Défenseur Marcos Alonso
44%
16/17 - Chelsea Défenseur Victor Moses
44%
95/96 - Manchester United Milieu David Beckham
43%
96/97 - Manchester United Milieu David Beckham
43%
98/99 - Manchester United Milieu David Beckham
43%
99/00 - Manchester United Milieu David Beckham
43%
00/01 - Manchester United Milieu David Beckham
43%
02/03 - Manchester United Milieu David Beckham
43%
03/04 - Arsenal Gardien Jens Lehmann
41%
12/13 - Manchester United Défenseur Rafael
41%
96/97 - Manchester United Attaquant Ole Gunnar Solskjær
40%
00/01 - Manchester United Attaquant Ole Gunnar Solskjær
40%
02/03 - Manchester United Attaquant Ole Gunnar Solskjær
40%
15/16 - Leicester Défenseur Wes Morgan
40%
11/12 - Manchester City Milieu James Milner
39%
13/14 - Manchester City Défenseur Martín Demichelis
38%
04/05 - Chelsea Défenseur William Gallas
38%
05/06 - Chelsea Défenseur William Gallas
38%
01/02 - Arsenal Défenseur Sol Campbell
37%
03/04 - Arsenal Défenseur Sol Campbell
37%
97/98 - Arsenal Milieu Emmanuel Petit
36%
05/06 - Chelsea Attaquant Arjen Robben
35%
02/03 - Manchester United Défenseur John O'Shea
34%
08/09 - Manchester United Défenseur John O'Shea
34%
10/11 - Manchester United Défenseur John O'Shea
34%
12/13 - Manchester United Défenseur Jonny Evans
32%
94/95 - Blackburn Rovers Attaquant Alan Shearer
29%
06/07 - Manchester United Attaquant Louis Saha
29%
15/16 - Leicester Défenseur Christian Fuchs
28%
08/09 - Manchester United Milieu Darren Fletcher
28%
10/11 - Manchester United Milieu Darren Fletcher
28%
11/12 - Manchester City Défenseur Joleon Lescott
27%
15/16 - Leicester Attaquant Shinji Okazaki
27%
15/16 - Leicester Milieu Marc Albrighton
26%
97/98 - Arsenal Gardien David Seaman
25%
01/02 - Arsenal Gardien David Seaman
25%
03/04 - Arsenal Milieu Freddie Ljungberg
25%
13/14 - Manchester City Attaquant Álvaro Negredo
24%
05/06 - Chelsea Attaquant Hernán Crespo
24%
02/03 - Manchester United Milieu Juan Sebastián Verón
24%
98/99 - Manchester United Défenseur Jaap Stam
23%
99/00 - Manchester United Défenseur Jaap Stam
23%
17/18 - Manchester City Défenseur Fabian Delph
22%
97/98 - Arsenal Attaquant Ian Wright
22%
15/16 - Leicester Défenseur Robert Huth
22%
11/12 - Manchester City Défenseur Micah Richards
21%
01/02 - Arsenal Attaquant Sylvain Wiltord
21%
11/12 - Manchester City Milieu Gareth Barry
19%
97/98 - Arsenal Attaquant Marc Overmars
19%
99/00 - Manchester United Défenseur Mikaël Silvestre
19%
00/01 - Manchester United Défenseur Mikaël Silvestre
19%
02/03 - Manchester United Défenseur Mikaël Silvestre
19%
98/99 - Manchester United Attaquant Dwight Yorke
18%
99/00 - Manchester United Attaquant Dwight Yorke
18%
12/13 - Manchester United Attaquant Ashley Young
17%
15/16 - Leicester Défenseur Danny Simpson
17%
00/01 - Manchester United Défenseur Wes Brown
14%
07/08 - Manchester United Défenseur Wes Brown
14%
04/05 - Chelsea Attaquant Eidur Gudjohnsen
13%
04/05 - Chelsea Défenseur Paulo Ferreira
13%
97/98 - Arsenal Défenseur Tony Adams
12%
01/02 - Arsenal Défenseur Laurén
11%
03/04 - Arsenal Défenseur Laurén
11%
00/01 - Manchester United Attaquant Teddy Sheringham
11%
12/13 - Manchester United Milieu Tom Cleverley
10%
04/05 - Chelsea Milieu Damien Duff
8%
92/93 - Manchester United Défenseur Denis Irwin
6%
93/94 - Manchester United Défenseur Denis Irwin
6%
95/96 - Manchester United Défenseur Denis Irwin
6%
96/97 - Manchester United Défenseur Denis Irwin
6%
98/99 - Manchester United Défenseur Denis Irwin
6%
99/00 - Manchester United Défenseur Denis Irwin
6%
01/02 - Arsenal Défenseur Martin Keown
6%
97/98 - Arsenal Milieu Ray Parlour
6%
01/02 - Arsenal Milieu Ray Parlour
6%
92/93 - Manchester United Milieu Paul Ince
5%
93/94 - Manchester United Milieu Paul Ince
5%
05/06 - Chelsea Défenseur Asier del Horno
4%
95/96 - Manchester United Milieu Nicky Butt
4%
96/97 - Manchester United Milieu Nicky Butt
4%
98/99 - Manchester United Milieu Nicky Butt
4%
92/93 - Manchester United Défenseur Steve Bruce
4%
93/94 - Manchester United Défenseur Steve Bruce
4%
95/96 - Manchester United Défenseur Steve Bruce
4%
92/93 - Manchester United Défenseur Gary Pallister
3%
93/94 - Manchester United Défenseur Gary Pallister
3%
95/96 - Manchester United Défenseur Gary Pallister
3%
96/97 - Manchester United Défenseur Gary Pallister
3%
97/98 - Arsenal Défenseur Lee Dixon
3%
92/93 - Manchester United Attaquant Mark Hughes
3%
93/94 - Manchester United Attaquant Mark Hughes
3%
97/98 - Arsenal Défenseur Nigel Winterburn
3%
04/05 - Chelsea Milieu Tiago Mendes
3%
96/97 - Manchester United Défenseur David May
1%
99/00 - Manchester United Gardien Mark Bosnich
1%
92/93 - Manchester United Défenseur Paul Parker
1%
93/94 - Manchester United Défenseur Paul Parker
1%
96/97 - Manchester United Défenseur Ronny Johnsen
1%
98/99 - Manchester United Défenseur Ronny Johnsen
1%
97/98 - Arsenal Défenseur Steve Bould
1%
93/94 - Manchester United Milieu Andrey Kanchelskis
0%
92/93 - Manchester United Attaquant Brian McClair
0%
94/95 - Blackburn Rovers Attaquant Chris Sutton
0%
94/95 - Blackburn Rovers Défenseur Colin Hendry
0%
94/95 - Blackburn Rovers Défenseur Graeme Le Saux
0%
94/95 - Blackburn Rovers Défenseur Ian Pearce
0%
94/95 - Blackburn Rovers Milieu Jason Wilcox
0%
92/93 - Manchester United Milieu Lee Sharpe
0%
94/95 - Blackburn Rovers Milieu Mark Atkins
0%
94/95 - Blackburn Rovers Attaquant Stuart Ripley
0%
94/95 - Blackburn Rovers Gardien Tim Flowers
0%
94/95 - Blackburn Rovers Milieu Tim Sherwood
0%
Aucun quiz correspondant
Distribution des résultats
% des personnes avec chaque résultat
Percentile par nombre de réponses
Votre historique - résultats
Vous n’avez pas pris ce quiz